A politika nemes hivatás lehet

Bibliographic Details
Main Authors: Czajlik, Katalin, 1977- (Author, Interviewer), Remišová, Veronika, 1976- (Author)
Format: Article
Language:Hungarian
Subjects:

MARC

LEADER 00000nab a2200000 a 4500
001 vtls011423969
003 SK-MaSNL
005 20260318140231.0
008 151124c20151124xo d| | 000 0|2hun
015 |a SNBRB2015/11 
038 |a DSZK 
040 |a DSZK  |b slo  |c DSZK  |e AACR2 
041 0 |a hun 
044 |a xo  |c SK 
080 |a 656.6  |2 2001 
100 1 |a Czajlik, Katalin,  |d 1977-  |4 ivr  |4 aut  |9 1032035 
245 1 0 |a A politika nemes hivatás lehet  |c Czajlik Katalin, Veronika Remišová 
300 |b Fotogr. 
650 0 7 |a kauza kompa  |2 dszk  |9 1106635 
700 1 |a Remišová, Veronika,  |d 1976-  |4 ive  |4 aut  |9 209759 
773 0 |t Új szó  |g Évf. 68, sz. 271 (2015.11.24), o. 3  |x 1335-7050 
852 |a DSZK  |b KIS3GCP 
958 |a HU 
958 |a SK 
999 |c 1820521  |d 1822451